000 00804nam a2200229 i 4500
001 bg
100 1 _aPARZYMIES, Stanisław
245 1 0 _aUnia Europejska a Europa Środkowa :
_bpolityczne aspekty współpracy /
_cStanisław Parzymies.
260 _aWarszawa :
_bPolska Fundacja Spraw Międzynarodowych,
_c1997.
300 _a159 s. ;
_c21 cm.
504 _aBibliogr. s. 152-159.
610 2 9 _aUnia Europejska
_xpolityka
_zEuropa Środkowo-Wschodnia
_yod 1989 r.
650 9 _aEuropa Środkowo-Wschodnia
_xpolityka
_yod 1989 r.
650 9 _aIntegracja europejska
_yod 1989 r.
020 _a839055142X
040 _cBPK
041 0 _apl
080 _a32(4-191.2)"1989/...":[339.923:061.1A/Z](4-67)"1989/..."
920 _a83-905514-2-X
942 _cKS
008 s pl f |000 0 pol
999 _c32841
_d32841
856 _uhttp://koha.tu.koszalin.pl/cgi-bin/koha/opac-detail.pl?biblionumber=32841
_yKatalog online BPK